Т. 2; Химия и химическая технология в XXI веке
| Parent link: | Химия и химическая технология в XXI веке: материалы XVI Международной научно-практической конференции студентов и молодых ученых, посвященной 115-летию со дня рождения профессора Л. П. Кулёва, Томск, 25-29 мая 2015 г./ Национальный исследовательский Томский политехнический университет (ТПУ) ; Институт природных ресурсов (ИПР) ; Институт физики высоких технологий (ИФВТ) ; Физико-технический институт (ФТИ) ; Российский фонд фундаментальных исследований (РФФИ). Т. 2.— , 2015 |
|---|---|
| Sumari: | Заглавие с титульного экрана В сборнике представлены материалы XVI Международной научно- практической конференции студентов и молодых ученых «Химия и химическая технология в XXI веке», посвященной 115-летию со дня рождения профессора Л. П. Кулёва. В докладах обсуждаются проблемы химии и химической технологии органических и неорганических веществ и материалов. Значительное внимание уделено физико-химическим методам анализа и их применению в исследовании объектов окружающей среды, а также ресурсосберегающим и безотходным технологиям, технологиям редких элементов, обезвреживанию и утилизации токсичных веществ и материалов. |
| Idioma: | rus anglès |
| Publicat: |
2015
|
| Matèries: | |
| Accés en línia: | http://earchive.tpu.ru/handle/11683/19599 http://www.lib.tpu.ru/fulltext/c/2015/C27/V2/C27_V2.pdf |
| Format: | MixedMaterials Electrònic Llibre |
| KOHA link: | https://koha.lib.tpu.ru/cgi-bin/koha/opac-detail.pl?biblionumber=612583 |
MARC
| LEADER | 00000nam2a2200000 4500 | ||
|---|---|---|---|
| 001 | 612583 | ||
| 005 | 20231102023354.0 | ||
| 035 | |a (RuTPU)RU\TPU\conf\10705 | ||
| 090 | |a 612583 | ||
| 100 | |a 20150619d2015 k y0rusy50 ca | ||
| 101 | 0 | |a rus |a eng | |
| 102 | |a RU | ||
| 105 | |a a z 101zy | ||
| 135 | |a arnn ---uucaa | ||
| 181 | 0 | |a i | |
| 182 | 0 | |a b | |
| 200 | 0 | |a Т. 2 | |
| 203 | |a Текст |c электронный | ||
| 210 | |d 2015 | ||
| 230 | |a 1 компьютерный файл (pdf; 7,4 MB) | ||
| 300 | |a Заглавие с титульного экрана | ||
| 320 | |a Библиогр. в конце статей | ||
| 330 | |a В сборнике представлены материалы XVI Международной научно- практической конференции студентов и молодых ученых «Химия и химическая технология в XXI веке», посвященной 115-летию со дня рождения профессора Л. П. Кулёва. В докладах обсуждаются проблемы химии и химической технологии органических и неорганических веществ и материалов. Значительное внимание уделено физико-химическим методам анализа и их применению в исследовании объектов окружающей среды, а также ресурсосберегающим и безотходным технологиям, технологиям редких элементов, обезвреживанию и утилизации токсичных веществ и материалов. | ||
| 337 | |a Adobe Reader | ||
| 461 | 1 | |0 (RuTPU)RU\TPU\conf\10702 |t Химия и химическая технология в XXI веке |o материалы XVI Международной научно-практической конференции студентов и молодых ученых, посвященной 115-летию со дня рождения профессора Л. П. Кулёва, Томск, 25-29 мая 2015 г. |o в 2 т. |f Национальный исследовательский Томский политехнический университет (ТПУ) ; Институт природных ресурсов (ИПР) ; Институт физики высоких технологий (ИФВТ) ; Физико-технический институт (ФТИ) ; Российский фонд фундаментальных исследований (РФФИ) |v Т. 2 |d 2015 | |
| 600 | 1 | |a Кулев |b Л. П. |c российский химик |c профессор Томского политехнического института |g Леонид Петрович |f 1900-1962 |y Томск |2 stltpush |3 (RuTPU)RU\TPU\pers\12449 | |
| 606 | 1 | |a Химия |2 stltpush |3 (RuTPU)RU\TPU\subj\17362 |9 43035 | |
| 606 | 1 | |a Химическая технология |x Общие вопросы |2 stltpush |3 (RuTPU)RU\TPU\subj\68259 |9 83693 | |
| 610 | 1 | |a конференции | |
| 610 | 1 | |a труды учёных ТПУ | |
| 610 | 1 | |a электронный ресурс | |
| 610 | 1 | |a наука | |
| 610 | 1 | |a технологии | |
| 610 | 1 | |a химия | |
| 610 | 1 | |a химическая технология | |
| 610 | 1 | |a моделирование | |
| 610 | 1 | |a углеводородное сырье | |
| 610 | 1 | |a редкие элементы | |
| 610 | 1 | |a окружающая среда | |
| 610 | 1 | |a природные ресурсы | |
| 610 | 1 | |a полимерные материалы | |
| 675 | |a 54(063) |v 3 | ||
| 675 | |a 66(063) |v 3 | ||
| 801 | 2 | |a RU |b 63413507 |c 20210204 |g RCR | |
| 856 | 4 | |u http://earchive.tpu.ru/handle/11683/19599 | |
| 856 | 4 | |u http://www.lib.tpu.ru/fulltext/c/2015/C27/V2/C27_V2.pdf | |
| 942 | |c BK | ||